00530nam a2200169 a 450000100100000000500170001000800410002704000250006808200150009310000360010824500770014426000330022130000330025449000230028750400270031083000230033700003509620200930074112.0111025s1984 sp ab 000 0 spa d aDO-SdBNPbspacBNPHU axxxxbxxxx1 aRodríguez Adrados, Jesús V.10aDioses y héroes :bmitos clásicos /cJesús V. Rodríguez Adrados. aBarcelona, :bSalvat,c1984. a64 p. :bil., map. ;c19 cm.1 aSalvat temas clave aBibliografía : p. 64 0aSalvat temas clave